00849 2200241 4500001002100000005001700021008004100038035002400079082001500103090002200118111005800140245013400198260008800332300003000420500002600450500001100476650003900487700003500526850001200561980001300573985000600586999001500592YOGYA-0209000001878520090227022915.0 ind  0010-020900000018785 a391.099233 a391.099233bPro P aPROYEK INVENTARISASI DAN PEMBINAAN NILAI-NILAI BUDAYA aPakaian adat tradisional daerah Propinsi Nusa Tenggara TimurcProyek IPND;penulis,D.D kota....[et.al];editor, Suradi. Hp. Suhatno aJakartabProyek Inventarisasi dan Pembinaan Nilai-nilia budaya Departemen P&Kc1991 axii, 104 hlmbilusc23 cm aBibliografi : hlm. 91 aIndeks aPakaian daerah Nusa Tenggara Timur aKOTEN, D.D. SURADI, Hp SUHATNO aYOPDYOG a17-02-06 a1 aa000014650